| 000 | 00403nam a22001697a 4500 | ||
|---|---|---|---|
| 003 | OSt | ||
| 005 | 20210914145622.0 | ||
| 008 | 210914b |||||||| |||| 00| 0 eng d | ||
| 040 | _cHAWASSA UNIVERSITY | ||
| 050 | _a368.942/HAN | ||
| 082 | _a368.942/HSN | ||
| 100 |
_aHansell D.S. _93538 |
||
| 245 | _aElements of Insurance | ||
| 260 |
_bevans _c1979 |
||
| 300 | _axviii/368/HAN | ||
| 942 |
_2ddc _cBOOKS _n0 |
||
| 999 |
_c3787 _d3787 |
||